Normal view
MARC view
Entry Topical Term
001 - CONTROL NUMBER
- control field: 23541
003 - CONTROL NUMBER IDENTIFIER
- control field: ARRUPE
005 - DATE AND TIME OF LATEST TRANSACTION
- control field: 20160405082056.0
008 - FIXED-LENGTH DATA ELEMENTS
- fixed length control field: 160405|| aca||aabn | a|a d
040 ## - CATALOGING SOURCE
- Original cataloging agency: ARRUPE
- Transcribing agency: ARRUPE
150 ## - HEADING--TOPICAL TERM
- Topical term or geographic name as entry element: East African Community Committee
670 ## - SOURCE DATA FOUND
- Source citation: Work cat.: (ARRUPE)0: East African Community. Committee on Fast Tracking East African Federation. 23540, Report of the Committee on Fast Tracking East African Federation, 26th November, 2004., [2004]